UBT Library

Contemporary maternal newborm nursing care: (Record no. 1494)

000 -LEADER
fixed length control field 00346nam a22001217a 4500
008 - FIXED-LENGTH DATA ELEMENTS--GENERAL INFORMATION
fixed length control field 160421b xxu||||| |||| 00| 0 eng d
020 ## - INTERNATIONAL STANDARD BOOK NUMBER
International Standard Book Number 9780135025857
020 ## - INTERNATIONAL STANDARD BOOK NUMBER
International Standard Book Number 0135025850
041 ## - LANGUAGE CODE
Language code of text/sound track or separate title eng
080 ## - UNIVERSAL DECIMAL CLASSIFICATION NUMBER
Universal Decimal Classification number 618.2
245 ## - TITLE STATEMENT
Title Contemporary maternal newborm nursing care:
Statement of responsibility, etc Patricia A.Wieland;Marcia L.London; Michele R.Davidson;
942 ## - ADDED ENTRY ELEMENTS (KOHA)
Source of classification or shelving scheme
Item type Books
Holdings
Withdrawn status Lost status Source of classification or shelving scheme Damaged status Not for loan Collection code Permanent location Current location Shelving location Date acquired Total Checkouts Full call number Barcode Date last seen Price effective from Koha item type
          Koleksioni i përgjithshem UBT - Lipjan UBT - Lipjan Koleksioni i përgjithshem 04/21/2016   618.2 WIE `002-027883 04/21/2016 04/21/2016 Books
          Koleksioni i përgjithshem UBT - Lipjan UBT - Lipjan Koleksioni i përgjithshem 05/17/2021   610.73 LAD 002-5000006 05/17/2021 05/17/2021 Books
UBT Library © 2015-2024. All rights reserved University Education for Business and Technology